Eine entente difficile: die SPD und Frankreich
| Main Author: | |
|---|---|
| Format: | Print Article |
| Language: | German |
| Check availability: | HBZ Gateway |
| Interlibrary Loan: | Interlibrary Loan for the Fachinformationsdienste (Specialized Information Services in Germany) |
| Published: |
Bonn
1996
|
| In: |
Neue Gesellschaft, Frankfurter Hefte. [Deutsche Ausgabe]
Year: 1996, Volume: 43, Issue: 2, Pages: 158-164 |
| Further subjects: | B
Political attitude
B International policy B Party (law) B Deutschland (boat, 1866-1875) B Socialist party B France B Sozialdemokratische Partei Deutschlands |
| Parallel Edition: | Auszug aus: Nerlich, M.: Die Krise der SPD und Frankreich, in: Lendemains, Berlin, 20 (1995) 80, S. 3-14: |
MARC
| LEADER | 00000caa a22000002c 4500 | ||
|---|---|---|---|
| 001 | 1660421845 | ||
| 003 | DE-627 | ||
| 005 | 20251225213955.0 | ||
| 007 | tu | ||
| 008 | 030214s1996 xx ||||| 00| ||ger c | ||
| 035 | |a (DE-627)1660421845 | ||
| 035 | |a (DE-576)103285563 | ||
| 035 | |a (DE-599)BSZ103285563 | ||
| 035 | |a (DE-615)00705200 | ||
| 040 | |a DE-627 |b ger |c DE-627 |e rakwb | ||
| 041 | |a ger | ||
| 082 | 0 | |a 327 | |
| 082 | 0 | |a 944 | |
| 082 | 0 | |a 0904 | |
| 082 | 0 | |a 0905 | |
| 084 | |a RA05.01 |2 fivr | ||
| 084 | |a RA04.06 |2 fivr | ||
| 084 | |a SF03 |2 fivs | ||
| 084 | |a SB01 |2 fivs | ||
| 084 | |a 1 |2 ssgn | ||
| 100 | 1 | |0 (DE-588)115759409 |0 (DE-627)077452755 |0 (DE-576)290060885 |4 aut |a Nerlich, Michael |d 1939- | |
| 109 | |a Nerlich, Michael 1939- |a Nerŭllihi, Mihael 1939- |a Nerlich, M. 1939- | ||
| 191 | |a 1 | ||
| 245 | 1 | 5 | |a Eine entente difficile: die SPD und Frankreich |c Michael Nerlich |
| 264 | 1 | |a Bonn |c 1996 | |
| 300 | |a 43 (Februar 1996) 2, S. 158-164 |b Ill. | ||
| 336 | |a Text |b txt |2 rdacontent | ||
| 337 | |a ohne Hilfsmittel zu benutzen |b n |2 rdamedia | ||
| 338 | |a Band |b nc |2 rdacarrier | ||
| 601 | |a Frankreich | ||
| 610 | 2 | 7 | |0 (DE-588)2022139-3 |0 (DE-627)102087903 |0 (DE-576)191750921 |a Sozialdemokratische Partei Deutschlands |2 gnd |
| 650 | 0 | 7 | |0 (DE-588)4044737-6 |0 (DE-627)106204432 |0 (DE-576)209062169 |a Partei |2 gnd |
| 650 | 0 | 7 | |0 (DE-588)4181968-8 |0 (DE-627)105314005 |0 (DE-576)210008288 |a Sozialistische Partei |2 gnd |
| 650 | 0 | 7 | |0 (DE-588)4072885-7 |0 (DE-627)106093932 |0 (DE-576)209188553 |a Internationale Politik |2 gnd |
| 650 | 0 | 7 | |0 (DE-588)4076217-8 |0 (DE-627)106083422 |0 (DE-576)209201207 |a Politische Einstellung |2 gnd |
| 651 | 7 | |0 (DE-588)4011882-4 |0 (DE-627)104704861 |0 (DE-576)208896155 |a Deutschland |2 gnd | |
| 651 | 7 | |0 (DE-588)4018145-5 |0 (DE-627)106327232 |0 (DE-576)208922857 |a Frankreich |2 gnd | |
| 773 | 0 | 8 | |i In |t Neue Gesellschaft, Frankfurter Hefte. [Deutsche Ausgabe] |d Bonn : Dietz, 1985 |g 43(1996), 2, Seite 158-164 |w (DE-627)130458465 |w (DE-600)722194-0 |w (DE-576)016029518 |x 0177-6738 |7 nnas |
| 773 | 1 | 8 | |g volume:43 |g year:1996 |g number:2 |g pages:158-164 |
| 776 | 0 | 8 | |i Auszug aus |a Nerlich, M.: Die Krise der SPD und Frankreich, in: Lendemains, Berlin, 20 (1995) 80, S. 3-14 |
| 935 | |a mteo | ||
| 936 | f | i | |0 (DE-627)1756131678 |a RA05.01 |b Deutschland |k Europa |k Mitteleuropa |k Deutschland |2 fivr |
| 936 | f | i | |0 (DE-627)1756131651 |a RA04.06 |b Frankreich |k Europa |k Westeuropa |k Frankreich |2 fivr |
| 936 | f | i | |0 (DE-627)1756135770 |a SF03 |b Politische Parteien |k Staat |k Politische Parteien |2 fivs |
| 936 | f | i | |0 (DE-627)1756135290 |a SB01 |b Internationale Beziehungen/Prozesse |k Internationale(s) Politik/System |k Internationale Beziehungen/Prozesse |2 fivs |
| 936 | f | i | |a ZGA120 |b Deutsch-französische Beziehungen (allgemeine Fragen) |k Deutsch-französische Beziehungen (allgemeine Fragen) |q DE-Lg3 |2 fivw |
| 938 | 1 | 0 | |0 (DE-627)175614625X |0 (DE-615)6603417 |a Deutschland |2 fivt |
| 938 | 1 | 0 | |0 (DE-627)1756148325 |0 (DE-615)6603106 |a Frankreich |2 fivt |
| 938 | 1 | 0 | |0 (DE-627)175616892X |0 (DE-615)6606690 |a Politische Partei |2 fivt |
| 938 | 1 | 0 | |0 (DE-627)1756169918 |0 (DE-615)6609405 |a Sozialdemokratische/Sozialistische Partei |2 fivt |
| 938 | 1 | 0 | |0 (DE-627)102087903 |0 (DE-588)2022139-3 |a Sozialdemokratische Partei Deutschlands |2 gnd |2 fivt |
| 938 | 1 | 0 | |0 (DE-627)175616732X |0 (DE-615)6609071 |a Bilaterale internationale Beziehungen |2 fivt |
| 938 | 1 | 0 | |0 (DE-627)1756153442 |0 (DE-615)6607074 |a Haltung von Parteien zu bestimmten Fragen |2 fivt |
| 938 | 1 | 1 | |0 (DE-627)1756187401 |0 (DE-615)6605393 |a Außenpolitik einzelner Staaten |2 fiva |
| 938 | 1 | 1 | |0 (DE-627)1756241260 |0 (DE-615)6606186 |a Innerparteiliche Willensbildung/Entscheidung |2 fiva |
| 938 | 1 | 1 | |0 (DE-627)1756224005 |0 (DE-615)6601325 |a Innerstaatliche Willensbildung zur Außenpolitik |2 fiva |
| 938 | 1 | 1 | |0 (DE-627)175617718X |0 (DE-615)6608628 |a Verhalten in den internationalen Beziehungen |2 fiva |
| 938 | 1 | 1 | |0 (DE-627)1756190704 |0 (DE-615)6607505 |a Geschichtlicher Überblick |2 fiva |
| 938 | 1 | 1 | |0 (DE-627)175617279X |0 (DE-615)6607235 |a Parteiengeschichte |2 fiva |
| 938 | 1 | 1 | |0 (DE-627)1756215529 |0 (DE-615)6608950 |a Wichtige Persönlichkeit der Politik |2 fiva |
| 951 | |a AR | ||
| ELC | |b 1 | ||
| ITA | |a 1 |t 1 | ||
| ORI | |a SA-MARC-ixtheo_oa001.raw | ||
| REL | |a 1 | ||
| STA | 0 | 0 | |a Deutschland (boat, 1866-1875),Germany,Germany,Germany,Germany,German Federal Republic (motif),Germany,Germany,Germany,Germany,Germany,Germany,German Democratic Republic,Germany,Federal Republic of Germany,Germany,Germany,Germany,Soviet Occupation Zone,French Occupation Zone,France,France,France,France,France,France,Northern France,Southern France,Occitania,Western France,Northeastern France,Eastern France,International policy,International relations,Party (law),Party,Political party,Political attitude,Attitude,Political orientation,Socialist party |
| STB | 0 | 0 | |a Deutschland (bateau, 1866-1875),Allemagne,Allemagne,République fédérale d'Allemagne (motif),Parti socialiste,Partie (droit),Parti politique,Politique internationale,Position politique |
| STC | 0 | 0 | |a Alemania,Alemania,Parte (derecho),Partido,Partido socialista,Política internacional,Posición política |
| STD | 0 | 0 | |a Germania,Germania,Orientamento politico,Parte (diritto),Partito politico,Partito socialista,Politica internazionale |
| STE | 0 | 0 | |a 国际政策,德国,德国,政党,党派,政治立场,政治观点,政治态度 |
| STF | 0 | 0 | |a 國際政策,当事人,政黨,黨派,德國,德國,政治立場,政治觀點,政治態度 |
| STG | 0 | 0 | |a Alemanha,Alemanha,Parte (direito),Partido,Partido socialista,Política internacional,Posição política |
| STH | 0 | 0 | |a Германия (ГДР, мотив),Германия (мотив),Международная политика,Партия,Политическая позиция,Социалистическая партия |
| STI | 0 | 0 | |a Γερμανία (ΛΔΓ, μοτίβο),Γερμανία (μοτίβο),Διεθνής πολιτική,Πολιτική στάση,Πολιτικό κόμμα,Σοσιαλιστικό Κόμμα |
| SUB | |a REL | ||
| SYB | 0 | 0 | |a Deutsche Sozialdemokratie,Partido Social-Democrata da Alemanha,Partido Social Demócrata Alemán,Sozialdemokratie Deutschlands,Sozialdemokraten,SPD,Mehrheitssozialdemokratische Partei Deutschlands,MSPD,Vereinigte Sozialdemokratische Partei Deutschlands,VSPD,Vereinigte SPD,Sopade,Social Democratic Party,German Social Democratic Party,Parti Socialdémocrate Allemand,Sozialdemokratische Partei Deutschlands,Abteilung Presse und Information,Sozialdemokratische Partei Deutschlands,Propaganda-Ausschuß |
| SYE | 0 | 0 | |a Politische Partei,Parteien , Internationale Beziehungen,Politische Beziehungen,Zwischenstaatliche Beziehungen , Einstellung,Politische Orientierung,Politische Meinung,Politische Überzeugung |
| SYF | 0 | 0 | |a DDR,Deutsche Demokratische Republik,Germany,Amerikanische Zone Deutschlands,BRD,Britische Zone Deutschlands,Bundesrepublik Deutschland,Französische Zone Deutschlands,Vereinigtes Wirtschaftsgebiet Deutschlands,BRD,Bundesrepublik Deutschland , Vereinigtes Wirtschaftsgebiet,Bizone,Verwaltung des Vereinigten Wirtschaftsgebietes,Französische Zone,Zone Française d'Occupation,Französische Besatzungszone,ZFO,Britische Zone,British occupation zone,Britische Besatzungszone,British Zone of Control,Britisches Kontrollgebiet,British Element,Britisches Element,Sowjetische Zone,Russische Zone,Sowjetische Besatzungszone,Russische Besatzungszone,Sowjetische Besatzungszone Deutschlands,Sowjetische Besatzungszone in Deutschland,Sowjetisch Besetzte Zone,Sowjetzone,Ostzone,SBZ,Länder,Westliche Bundesländer,Alte Bundesländer,Deutschland,Westdeutschland,Deutschland,Westzonen,Westliche Besatzungszonen,Trizone,Östliche Bundesländer,Neue Bundesländer,Länder,Deutschland,Ostdeutschland,Deutschland,Deutschland,Amerikanische Zone,American occupation zone,Amerikanische Besatzungszone,ABZ,United States Area of Control,Amerikanisches Kontrollgebiet,U.S. zone of occupation,United States Zone,U.S. Zone,US-Zone,Alemanha,Alemania,Allemagne,Almanija,Almāniyā,Bondsrepubliek Duitsland,BRD,BRD,Bundesrepublik Deutschland,Deutschland,Deutschland,Federal Republic of Germany,Förbundsrepubliken Tyskland,Förbundsrepublikken Tyskland,FRG,Germany,Németországi Szövetségi Kőztársaság,Niemiecka Republika Federalna Niemiecka Republika Federalna,NRF,Repubblica Federale di Germania,Republic of Germany,República Federal da Alemanha,República Federal de Alemania,Republik Federasi Djerman,Republika Federalna Niemiec,République Fédérale d'Allemagne,RFN,Saksan Liittotasavalta,Westdeutschland,Deutsche Demokratische Republik,DDR,Deutschland,German Democratic Republic,GDR,République Démocratique Allemande,RDA,Germanskaja Demokratičeskaja Respublika,Demokratičeskaja Respublika,Democratic Republic,Demokratische Republik,Niemiecka Republika Demokratyczna,NRD,Ǧumhūrīyat Almāniyā ad-Dīmuqrāṭīya,República Democrática Alemana,Saksan Demokraattisen Tasavallan,Repubblica Democratica Tedesca,Mitteldeutschland,Ostdeutschland,East Germany,Ostzone,Deutsche Länder,Germany,Heiliges Römisches Reich,Rheinbund,Deutscher Bund,Norddeutscher Bund,Deutsches Reich,Deutschland,Deutschland,BRD,Federal Republic of Germany,Republic of Germany,Allemagne,Ǧumhūrīyat Almāniyā al-Ittiḥādīya,Bundesrepublik Deutschland,BRD,Niemcy,République Fédérale d'Allemagne,Repubblica Federale di Germania,Germanija,Federativnaja Respublika Germanija,FRG,Deyizhi-Lianbang-Gongheguo , France , France,La France,République Française,France,Francija,Französische Republik,Empire Français,République Française,France,Royaume Français,Fränkische Republik,Frankreich,Frankreich,Ṣārfat,Repubblica Francese |